Galéria a predajňa skla - riešenie interiéru

Saved in:
Bibliographic Details
Main Author: Kalafút, Juraj, 1984- (Author)
Other Authors: Kránerová, Silvia, 1973- (Thesis advisor)
Format: Manuscript Book
Language:Slovak
Published: Bratislava : STU v Bratislave FA, 2012
Subjects:
Online Access:VAIS
Tags: Add Tag
No Tags, Be the first to tag this record!

MARC

LEADER 00000ntm a22000003a 4500
001 stu247639
005 20210512095428.1
008 120605s2012----xo------------------slo-d
040 |a STU  |b slo 
041 0 |a slo 
044 |a xo 
100 1 |a Kalafút, Juraj,  |d 1984-  |4 aut  |u A  |T FAD Fakulta architektúry  |X 40052  |U A  |Y 50  |7 A000040052 
242 0 0 |a Gallery and shop windows - interior design  |y eng 
245 1 |a Galéria a predajňa skla - riešenie interiéru 
260 |a Bratislava :  |b STU v Bratislave FA,  |c 2012 
650 7 |a dizajn  |2 stusub 
650 7 |a design  |2 estusub 
650 7 |a art  |2 estusub 
650 7 |a glass  |2 estusub 
650 7 |a sklo  |2 stusub 
650 7 |a elegancia  |2 stusub 
650 7 |a umenie  |2 stusub 
700 1 |a Kránerová, Silvia,  |d 1973-  |4 ths  |u A5150  |U FAD Fakulta architektúry  |U FAD Fakulta architektúry  |T FA Ústav interiéru a výstavníctva  |X 60300  |U A5150  |Y 396  |7 A000060300 
856 4 |a info a plný text  |u http://is.stuba.sk/zp/portal_zp.pl?podrobnosti=84557  |u https://opac.crzp.sk/?fn=detailBiblioForm&sid=20AC8DF1557D29D71806C14B25DB  |3 VAIS